| 000 | 00589nam a22002177a 4500 | ||
|---|---|---|---|
| 001 | sjds | ||
| 003 | sjds | ||
| 005 | 20230901215152.0 | ||
| 008 | 230901b |||||||| |||| 00| 0 spa d | ||
| 020 | _a8475156436 | ||
| 020 | _a9788475156439 | ||
| 040 | _csjd | ||
| 041 | _aspa | ||
| 100 | 1 | 0 | _aDalmais, Anne Marie |
| 245 | 1 | 3 |
_aEl erizo Rizo / _cAnne Marie Dalmais, Ilustrado por Annie Bonhomme |
| 246 | _aEl erizo Rizo | ||
| 260 |
_a[Madrid?] _bEdiciones Montena, S.A., 1986 _c1986 |
||
| 300 |
_a1 vol. on board pages ; _bill. |
||
| 700 | 1 | 0 |
_aBonhomme, Annie _eillustrado |
| 942 | _cBK | ||
| 999 |
_c28266 _d28266 |
||